Statistics for Top 10 Scottish PL scorers

Click here to take the quiz!

General Stats

  • This quiz has been taken 11 times
  • The average score is 2 of 10

Answer Stats

HintAnswer% Correct
68Ferguson
67%
53Fletcher
56%
36Dickov
22%
56Gallacher
22%
49Mcallister
22%
31Morrison
22%
33Adam
11%
37Hutchinson
11%
22Elliott
0%
36Spencer
0%

Score Distribution

Percentile by Number Answered

Percent of People with Each Score

Your Score History

You have not taken this quiz